[Event "April 9 Early 2024"]
[Site "Chess.com"]
[Date "2024.04.09"]
[Round "4"]
[White "Toropov, Pavel"]
[Black "Chemin, Vitorio"]
[Result "1-0"]
[Board "131"]
[WhiteFideId "24129178"]
[BlackFideId "2100509"]
[WhiteTitle "FM"]
[BlackTitle "FM"]
[WhiteElo "2645"]
[BlackElo "2025"]
[WhiteTeam "RUS"]
[BlackTeam "BRA"]
[WhiteClock "0:00:59"]
[BlackClock "0:00:04"]
[Variant "Standard"]

1. e4 {[%clk 0:03:00]}  c5 {[%clk 0:02:58]} 2. Nf3 {[%clk 0:03:00]}  Nc6 {[%clk 0:02:58]} 3. d4 {[%clk 0:03:00]}  cxd4 {[%clk 0:02:58]} 4. Nxd4 {[%clk 0:03:01]}  Nf6 {[%clk 0:02:58]} 5. Nc3 {[%clk 0:03:01]}  d6 {[%clk 0:02:58]} 6. Bg5 {[%clk 0:02:57]}  Qb6 {[%clk 0:02:56]} 7. Nb3 {[%clk 0:02:47]}  e6 {[%clk 0:02:54]} 8. Be2 {[%clk 0:02:43]}  a6 {[%clk 0:02:54]} 9. O-O {[%clk 0:02:43]}  Bd7 {[%clk 0:02:53]} 10. a4 {[%clk 0:02:43]}  Rc8 {[%clk 0:02:35]} 11. a5 {[%clk 0:02:43]}  Qc7 {[%clk 0:02:35]} 12. Be3 {[%clk 0:02:35]}  Be7 {[%clk 0:02:30]} 13. f3 {[%clk 0:02:31]}  O-O {[%clk 0:02:22]} 14. Na4 {[%clk 0:02:28]}  Be8 {[%clk 0:02:02]} 15. Nb6 {[%clk 0:02:27]}  Rd8 {[%clk 0:02:00]} 16. c4 {[%clk 0:02:27]}  d5 {[%clk 0:01:51]} 17. cxd5 {[%clk 0:02:22]}  exd5 {[%clk 0:01:51]} 18. exd5 {[%clk 0:02:23]}  Nb4 {[%clk 0:01:50]} 19. Rc1 {[%clk 0:02:19]}  Qb8 {[%clk 0:01:24]} 20. Bc4 {[%clk 0:02:03]}  Qe5 {[%clk 0:01:10]} 21. Bd4 {[%clk 0:01:47]}  Qh5 {[%clk 0:01:09]} 22. f4 {[%clk 0:01:45]}  Qh4 {[%clk 0:00:51]} 23. Qf3 {[%clk 0:01:39]}  Bd6 {[%clk 0:00:47]} 24. Bc5 {[%clk 0:01:23]}  Bxc5+ {[%clk 0:00:37]} 25. Nxc5 {[%clk 0:01:24]}  Nd7 {[%clk 0:00:35]} 26. Nbxd7 {[%clk 0:01:12]}  Bxd7 {[%clk 0:00:35]} 27. Nxb7 {[%clk 0:01:12]}  Rb8 {[%clk 0:00:27]} 28. Nc5 {[%clk 0:01:12]}  Bb5 {[%clk 0:00:21]} 29. d6 {[%clk 0:01:06]}  Bxc4 {[%clk 0:00:19]} 30. Rxc4 {[%clk 0:01:07]}  Rfd8 {[%clk 0:00:18]} 31. Rd1 {[%clk 0:01:04]}  Ra8 {[%clk 0:00:14]} 32. d7 {[%clk 0:01:04]}  Qe7 {[%clk 0:00:13]} 33. Qe4 {[%clk 0:00:59]}  Qf6 {[%clk 0:00:04]} 34. Rxb4 {[%clk 0:00:59]} 1-0

[Event "April 9 Early 2024"]
[Site "Chess.com"]
[Date "2024.04.09"]
[Round "4"]
[White "Lehtosaari, Mauri"]
[Black "Urazayev, Arystanbek"]
[Result "0-1"]
[Board "135"]
[WhiteFideId "501999"]
[BlackFideId "13709810"]
[BlackTitle "IM"]
[WhiteElo "2554"]
[BlackElo "2869"]
[WhiteTeam "FIN"]
[BlackTeam "KAZ"]
[WhiteClock "0:00:17"]
[BlackClock "0:01:39"]
[Variant "Standard"]

1. d4 {[%clk 0:02:56]}  d5 {[%clk 0:02:55]} 2. Nf3 {[%clk 0:02:56]}  Nf6 {[%clk 0:02:55]} 3. Bg5 {[%clk 0:02:57]}  Ne4 {[%clk 0:02:54]} 4. Bf4 {[%clk 0:02:57]}  e6 {[%clk 0:02:50]} 5. h3 {[%clk 0:02:54]}  c5 {[%clk 0:02:50]} 6. e3 {[%clk 0:02:54]}  Nc6 {[%clk 0:02:50]} 7. c3 {[%clk 0:02:54]}  Qb6 {[%clk 0:02:50]} 8. Qb3 {[%clk 0:02:47]}  Bd7 {[%clk 0:02:50]} 9. Nbd2 {[%clk 0:02:46]}  Nxd2 {[%clk 0:02:50]} 10. Nxd2 {[%clk 0:02:45]}  Be7 {[%clk 0:02:48]} 11. Be2 {[%clk 0:02:44]}  g5 {[%clk 0:02:47]} 12. Qxb6 {[%clk 0:02:33]}  axb6 {[%clk 0:02:46]} 13. Bc7 {[%clk 0:02:34]}  Bd8 {[%clk 0:02:47]} 14. Bxd8 {[%clk 0:02:33]}  Kxd8 {[%clk 0:02:47]} 15. Nf3 {[%clk 0:02:24]}  f6 {[%clk 0:02:39]} 16. Kd2 {[%clk 0:01:59]}  Ke7 {[%clk 0:02:38]} 17. Bd3 {[%clk 0:01:51]}  h5 {[%clk 0:02:38]} 18. Rhe1 {[%clk 0:01:42]}  g4 {[%clk 0:02:38]} 19. Nh4 {[%clk 0:01:42]}  Kd6 {[%clk 0:02:33]} 20. hxg4 {[%clk 0:01:36]}  hxg4 {[%clk 0:02:34]} 21. g3 {[%clk 0:01:37]}  e5 {[%clk 0:02:27]} 22. dxc5+ {[%clk 0:01:24]}  bxc5 {[%clk 0:02:27]} 23. Nf5+ {[%clk 0:01:17]}  Kc7 {[%clk 0:02:21]} 24. Nh4 {[%clk 0:01:03]}  e4 {[%clk 0:02:21]} 25. Bb5 {[%clk 0:00:58]}  Ne5 {[%clk 0:02:19]} 26. Bxd7 {[%clk 0:00:57]}  Kxd7 {[%clk 0:02:19]} 27. Kc2 {[%clk 0:00:55]}  Ke6 {[%clk 0:02:18]} 28. Red1 {[%clk 0:00:52]}  Nd3 {[%clk 0:02:13]} 29. Rd2 {[%clk 0:00:49]}  b5 {[%clk 0:02:08]} 30. a3 {[%clk 0:00:41]}  b4 {[%clk 0:02:03]} 31. cxb4 {[%clk 0:00:29]}  cxb4 {[%clk 0:02:03]} 32. a4 {[%clk 0:00:27]}  Rhc8+ {[%clk 0:01:58]} 33. Kb3 {[%clk 0:00:20]}  Rc4 {[%clk 0:01:37]} 34. Ng6 {[%clk 0:00:17]}  Nc5+ {[%clk 0:01:37]} 35. Ka2 {[%clk 0:00:18]}  Rxa4+ {[%clk 0:01:37]} 36. Kb1 {[%clk 0:00:19]}  Rxa1+ {[%clk 0:01:38]} 37. Kxa1 {[%clk 0:00:17]}  Nb3+ {[%clk 0:01:39]} 0-1

[Event "April 9 Early 2024"]
[Site "Chess.com"]
[Date "2024.04.09"]
[Round "4"]
[White "Filgueira, Hernan"]
[Black "Klymchuk, Andriy"]
[Result "0-1"]
[Board "140"]
[WhiteFideId "101770"]
[BlackFideId "14140063"]
[WhiteTitle "IM"]
[BlackTitle "FM"]
[WhiteElo "2511"]
[BlackElo "2690"]
[WhiteTeam "ARG"]
[BlackTeam "UKR"]
[WhiteClock "0:00:06"]
[BlackClock "0:01:01"]
[Variant "Standard"]

1. e4 {[%clk 0:02:59]}  c5 {[%clk 0:02:59]} 2. Nc3 {[%clk 0:02:58]}  Nc6 {[%clk 0:02:59]} 3. f4 {[%clk 0:02:58]}  g6 {[%clk 0:02:58]} 4. Nf3 {[%clk 0:02:58]}  Bg7 {[%clk 0:02:58]} 5. Bb5 {[%clk 0:02:59]}  Nd4 {[%clk 0:02:57]} 6. Bd3 {[%clk 0:02:58]}  e6 {[%clk 0:02:54]} 7. Nxd4 {[%clk 0:02:58]}  cxd4 {[%clk 0:02:54]} 8. Nb5 {[%clk 0:02:58]}  Qb6 {[%clk 0:02:49]} 9. a4 {[%clk 0:02:56]}  a6 {[%clk 0:02:44]} 10. a5 {[%clk 0:02:55]}  Qc6 {[%clk 0:02:39]} 11. Na3 {[%clk 0:02:54]}  d5 {[%clk 0:02:39]} 12. exd5 {[%clk 0:02:35]}  exd5 {[%clk 0:02:37]} 13. O-O {[%clk 0:02:32]}  Ne7 {[%clk 0:02:37]} 14. Qe2 {[%clk 0:02:06]}  Be6 {[%clk 0:02:32]} 15. f5 {[%clk 0:01:31]}  gxf5 {[%clk 0:02:27]} 16. b4 {[%clk 0:01:30]}  O-O {[%clk 0:02:22]} 17. Bb2 {[%clk 0:01:25]}  Qd6 {[%clk 0:02:10]} 18. b5 {[%clk 0:01:17]}  Rfe8 {[%clk 0:02:06]} 19. Qh5 {[%clk 0:01:11]}  Rac8 {[%clk 0:01:53]} 20. Rf3 {[%clk 0:00:53]}  Ng6 {[%clk 0:01:36]} 21. Rh3 {[%clk 0:00:46]}  h6 {[%clk 0:01:33]} 22. Rg3 {[%clk 0:00:37]}  Bd7 {[%clk 0:01:26]} 23. Rf1 {[%clk 0:00:23]}  Re4 {[%clk 0:01:26]} 24. Bxe4 {[%clk 0:00:19]}  dxe4 {[%clk 0:01:25]} 25. bxa6 {[%clk 0:00:12]}  bxa6 {[%clk 0:01:24]} 26. d3 {[%clk 0:00:13]}  f4 {[%clk 0:01:14]} 27. Rg4 {[%clk 0:00:10]}  e3 {[%clk 0:01:13]} 28. Nc4 {[%clk 0:00:09]}  Qc5 {[%clk 0:01:08]} 29. Qxc5 {[%clk 0:00:06]}  Rxc5 {[%clk 0:01:09]} 30. Rgxf4 {[%clk 0:00:07]}  Nxf4 {[%clk 0:01:07]} 31. Rxf4 {[%clk 0:00:06]}  Rf5 {[%clk 0:01:02]} 32. Rxf5 {[%clk 0:00:06]}  Bxf5 {[%clk 0:01:03]} 33. Kf1 {[%clk 0:00:06]}  Bg4 {[%clk 0:01:03]} 34. h3 {[%clk 0:00:06]}  Bd1 {[%clk 0:01:03]} 35. g4 {[%clk 0:00:06]}  Bxc2 {[%clk 0:01:03]} 36. Ne5 {[%clk 0:00:07]}  Bxe5 {[%clk 0:01:02]} 37. Ke2 {[%clk 0:00:06]}  Kg7 {[%clk 0:01:01]} 0-1

[Event "April 9 Early 2024"]
[Site "Chess.com"]
[Date "2024.04.09"]
[Round "4"]
[White "Savitha Shri B"]
[Black "Yeritsyan, Hayk"]
[Result "0-1"]
[Board "142"]
[WhiteFideId "35061887"]
[BlackFideId "13307320"]
[WhiteTitle "WGM"]
[BlackTitle "FM"]
[WhiteElo "2497"]
[BlackElo "2646"]
[WhiteTeam "IND"]
[BlackTeam "ARM"]
[WhiteClock "0:00:19"]
[BlackClock "0:00:15"]
[Variant "Standard"]

1. Nf3 {[%clk 0:02:58]}  Nf6 {[%clk 0:02:58]} 2. g3 {[%clk 0:02:58]}  d5 {[%clk 0:02:58]} 3. Bg2 {[%clk 0:02:58]}  Bf5 {[%clk 0:02:57]} 4. O-O {[%clk 0:02:58]}  e6 {[%clk 0:02:57]} 5. d3 {[%clk 0:02:50]}  h6 {[%clk 0:02:54]} 6. Nh4 {[%clk 0:02:51]}  Bh7 {[%clk 0:02:54]} 7. Nc3 {[%clk 0:02:51]}  c6 {[%clk 0:02:50]} 8. e4 {[%clk 0:02:50]}  Nbd7 {[%clk 0:02:50]} 9. Nf3 {[%clk 0:02:48]}  Bc5 {[%clk 0:02:49]} 10. e5 {[%clk 0:02:49]}  Ng8 {[%clk 0:02:46]} 11. d4 {[%clk 0:02:49]}  Bb6 {[%clk 0:02:46]} 12. Na4 {[%clk 0:02:49]}  Ne7 {[%clk 0:02:42]} 13. Nxb6 {[%clk 0:02:41]}  axb6 {[%clk 0:02:43]} 14. Nh4 {[%clk 0:02:42]}  b5 {[%clk 0:02:41]} 15. f4 {[%clk 0:02:40]}  Qb6 {[%clk 0:02:33]} 16. c3 {[%clk 0:02:38]}  b4 {[%clk 0:02:32]} 17. a4 {[%clk 0:02:33]}  bxc3 {[%clk 0:02:26]} 18. bxc3 {[%clk 0:02:33]}  Qa5 {[%clk 0:02:09]} 19. Ba3 {[%clk 0:02:27]}  Qxc3 {[%clk 0:02:05]} 20. Bxe7 {[%clk 0:02:19]}  Kxe7 {[%clk 0:02:05]} 21. f5 {[%clk 0:02:20]}  g5 {[%clk 0:01:42]} 22. Qh5 {[%clk 0:01:31]}  Qxd4+ {[%clk 0:01:28]} 23. Kh1 {[%clk 0:01:29]}  exf5 {[%clk 0:01:09]} 24. Rxf5 {[%clk 0:00:36]}  Qxa1+ {[%clk 0:01:00]} 25. Rf1 {[%clk 0:00:36]}  Qxf1+ {[%clk 0:00:58]} 26. Bxf1 {[%clk 0:00:37]}  gxh4 {[%clk 0:00:53]} 27. Qxh4+ {[%clk 0:00:38]}  Ke8 {[%clk 0:00:51]} 28. Bh3 {[%clk 0:00:36]}  Be4+ {[%clk 0:00:48]} 29. Kg1 {[%clk 0:00:33]}  Nxe5 {[%clk 0:00:38]} 30. Qf6 {[%clk 0:00:22]}  Nf3+ {[%clk 0:00:38]} 31. Kf2 {[%clk 0:00:20]}  Rg8 {[%clk 0:00:39]} 32. Qd6 {[%clk 0:00:20]}  Rd8 {[%clk 0:00:31]} 33. Qc7 {[%clk 0:00:21]}  Ng5 {[%clk 0:00:29]} 34. Bg4 {[%clk 0:00:20]}  Rg6 {[%clk 0:00:22]} 35. Qe5+ {[%clk 0:00:20]}  Ne6 {[%clk 0:00:19]} 36. Qh8+ {[%clk 0:00:21]}  Ke7 {[%clk 0:00:18]} 37. Qe5 {[%clk 0:00:20]}  Rg5 {[%clk 0:00:16]} 38. a5 {[%clk 0:00:19]}  Rxe5 {[%clk 0:00:15]} 0-1

[Event "April 9 Early 2024"]
[Site "Chess.com"]
[Date "2024.04.09"]
[Round "4"]
[White "Yakovlev, Egor"]
[Black "Collins, Adam"]
[Result "0-1"]
[Board "143"]
[WhiteFideId "24177989"]
[BlackFideId "2512300"]
[WhiteTitle "CM"]
[BlackTitle "CM"]
[WhiteElo "2641"]
[BlackElo "2492"]
[WhiteTeam "RUS"]
[BlackTeam "IRL"]
[WhiteClock "0:00:12"]
[BlackClock "0:01:07"]
[Variant "Standard"]

1. e4 {[%clk 0:03:00]}  a6 {[%clk 0:02:59]} 2. d4 {[%clk 0:03:00]}  b5 {[%clk 0:02:59]} 3. Bd3 {[%clk 0:02:59]}  Bb7 {[%clk 0:02:59]} 4. Nf3 {[%clk 0:02:58]}  e6 {[%clk 0:02:58]} 5. Qe2 {[%clk 0:02:57]}  d6 {[%clk 0:02:58]} 6. c3 {[%clk 0:02:56]}  Be7 {[%clk 0:02:56]} 7. O-O {[%clk 0:02:54]}  Nd7 {[%clk 0:02:52]} 8. Re1 {[%clk 0:02:47]}  c5 {[%clk 0:02:51]} 9. Nbd2 {[%clk 0:02:43]}  Ngf6 {[%clk 0:02:51]} 10. a4 {[%clk 0:02:37]}  c4 {[%clk 0:02:44]} 11. Bc2 {[%clk 0:02:37]}  O-O {[%clk 0:02:44]} 12. axb5 {[%clk 0:02:33]}  axb5 {[%clk 0:02:43]} 13. Rxa8 {[%clk 0:02:34]}  Qxa8 {[%clk 0:02:43]} 14. e5 {[%clk 0:02:30]}  Nd5 {[%clk 0:02:40]} 15. Ne4 {[%clk 0:02:28]}  dxe5 {[%clk 0:02:39]} 16. dxe5 {[%clk 0:02:28]}  Nc5 {[%clk 0:02:37]} 17. Nxc5 {[%clk 0:02:21]}  Bxc5 {[%clk 0:02:38]} 18. Qe4 {[%clk 0:02:20]}  f5 {[%clk 0:02:09]} 19. exf6 {[%clk 0:02:07]}  Nxf6 {[%clk 0:02:03]} 20. Qxe6+ {[%clk 0:02:06]}  Kh8 {[%clk 0:02:03]} 21. Qh3 {[%clk 0:01:49]}  Be4 {[%clk 0:01:44]} 22. Bxe4 {[%clk 0:01:24]}  Nxe4 {[%clk 0:01:45]} 23. Be3 {[%clk 0:01:21]}  Bxe3 {[%clk 0:01:44]} 24. Rxe3 {[%clk 0:01:22]}  Qa1+ {[%clk 0:01:43]} 25. Re1 {[%clk 0:01:21]}  Qa8 {[%clk 0:01:35]} 26. Ne5 {[%clk 0:01:05]}  Rxf2 {[%clk 0:01:22]} 27. Rxe4 {[%clk 0:00:49]}  Rf6 {[%clk 0:01:18]} 28. Qh4 {[%clk 0:00:28]}  Qa7+ {[%clk 0:01:10]} 29. Rd4 {[%clk 0:00:12]}  Qa1+ {[%clk 0:01:07]} 0-1

[Event "April 9 Early 2024"]
[Site "Chess.com"]
[Date "2024.04.09"]
[Round "4"]
[White "Kleibel, Uwe"]
[Black "Krallis, Christos"]
[Result "0-1"]
[Board "145"]
[WhiteFideId "1270982"]
[BlackFideId "4298896"]
[WhiteTitle "FM"]
[BlackTitle "FM"]
[WhiteElo "2427"]
[BlackElo "2631"]
[WhiteTeam "GER"]
[BlackTeam "GRE"]
[WhiteClock "0:01:38"]
[BlackClock "0:02:05"]
[Variant "Standard"]

1. e4 {[%clk 0:02:57]}  c5 {[%clk 0:02:58]} 2. f3 {[%clk 0:02:50]}  d5 {[%clk 0:02:50]} 3. exd5 {[%clk 0:02:48]}  Nf6 {[%clk 0:02:42]} 4. Nc3 {[%clk 0:02:48]}  Nxd5 {[%clk 0:02:39]} 5. Bc4 {[%clk 0:02:47]}  Nb6 {[%clk 0:02:36]} 6. d3 {[%clk 0:02:40]}  Nc6 {[%clk 0:02:27]} 7. Nge2 {[%clk 0:02:37]}  Nxc4 {[%clk 0:02:26]} 8. dxc4 {[%clk 0:02:37]}  Qxd1+ {[%clk 0:02:27]} 9. Nxd1 {[%clk 0:02:34]}  g6 {[%clk 0:02:26]} 10. c3 {[%clk 0:02:34]}  Bg7 {[%clk 0:02:23]} 11. Be3 {[%clk 0:02:33]}  b6 {[%clk 0:02:24]} 12. Nf2 {[%clk 0:02:32]}  Bb7 {[%clk 0:02:24]} 13. O-O-O {[%clk 0:02:31]}  O-O {[%clk 0:02:25]} 14. Rd7 {[%clk 0:02:25]}  Na5 {[%clk 0:02:24]} 15. b3 {[%clk 0:02:14]}  Bc6 {[%clk 0:02:14]} 16. Rxe7 {[%clk 0:02:02]}  Bf6 {[%clk 0:02:14]} 17. Rc7 {[%clk 0:01:59]}  Bd8 {[%clk 0:02:11]} 18. Rxc6 {[%clk 0:01:56]}  Nxc6 {[%clk 0:02:12]} 19. Ne4 {[%clk 0:01:56]}  f5 {[%clk 0:02:10]} 20. Nd6 {[%clk 0:01:53]}  Be7 {[%clk 0:02:05]} 21. Bf4 {[%clk 0:01:38]}  g5 {[%clk 0:02:05]} 0-1

[Event "April 9 Early 2024"]
[Site "Chess.com"]
[Date "2024.04.09"]
[Round "4"]
[White "Sodol, Georgiy"]
[Black "Palencia Morales, Wilson Guillermo"]
[Result "1-0"]
[Board "147"]
[WhiteFideId "14115212"]
[BlackFideId "4401859"]
[WhiteTitle "FM"]
[BlackTitle "IM"]
[WhiteElo "2400"]
[BlackElo "2606"]
[WhiteTeam "UKR"]
[BlackTeam "COL"]
[WhiteClock "0:00:06"]
[BlackClock "0:00:00"]
[Variant "Standard"]

1. e4 {[%clk 0:03:00]}  c5 {[%clk 0:02:57]} 2. c3 {[%clk 0:03:00]}  d5 {[%clk 0:02:57]} 3. exd5 {[%clk 0:03:00]}  Qxd5 {[%clk 0:02:58]} 4. d4 {[%clk 0:03:01]}  Nf6 {[%clk 0:02:57]} 5. Nf3 {[%clk 0:03:01]}  Bg4 {[%clk 0:02:57]} 6. Be2 {[%clk 0:03:00]}  Nc6 {[%clk 0:02:57]} 7. O-O {[%clk 0:02:58]}  e6 {[%clk 0:02:55]} 8. h3 {[%clk 0:02:58]}  Bh5 {[%clk 0:02:55]} 9. Be3 {[%clk 0:02:56]}  cxd4 {[%clk 0:02:54]} 10. cxd4 {[%clk 0:02:53]}  Be7 {[%clk 0:02:54]} 11. Nc3 {[%clk 0:02:53]}  Qd6 {[%clk 0:02:52]} 12. Qb3 {[%clk 0:02:53]}  O-O {[%clk 0:02:50]} 13. Rfd1 {[%clk 0:02:51]}  Rfd8 {[%clk 0:02:49]} 14. a3 {[%clk 0:02:50]}  a6 {[%clk 0:02:49]} 15. Rac1 {[%clk 0:02:45]}  b5 {[%clk 0:02:44]} 16. g4 {[%clk 0:02:17]}  Bg6 {[%clk 0:02:30]} 17. a4 {[%clk 0:01:10]}  Na5 {[%clk 0:02:15]} 18. Qa2 {[%clk 0:01:08]}  b4 {[%clk 0:02:15]} 19. Nb1 {[%clk 0:01:05]}  Nd5 {[%clk 0:02:12]} 20. Bd2 {[%clk 0:00:59]}  h5 {[%clk 0:01:34]} 21. Ne5 {[%clk 0:00:53]}  hxg4 {[%clk 0:01:12]} 22. Nxg6 {[%clk 0:00:53]}  fxg6 {[%clk 0:01:10]} 23. Bxg4 {[%clk 0:00:52]}  Rf8 {[%clk 0:01:09]} 24. Re1 {[%clk 0:00:49]}  Rxf2 {[%clk 0:00:28]} 25. Bxe6+ {[%clk 0:00:31]}  Kh7 {[%clk 0:00:28]} 26. Re5 {[%clk 0:00:17]}  Nf4 {[%clk 0:00:11]} 27. Kxf2 {[%clk 0:00:12]}  Nd3+ {[%clk 0:00:11]} 28. Ke2 {[%clk 0:00:11]}  Nxe5 {[%clk 0:00:11]} 29. Qd5 {[%clk 0:00:12]}  Qxd5 {[%clk 0:00:09]} 30. Bxd5 {[%clk 0:00:12]}  Rd8 {[%clk 0:00:09]} 31. dxe5 {[%clk 0:00:11]}  Rxd5 {[%clk 0:00:09]} 32. Bf4 {[%clk 0:00:12]}  g5 {[%clk 0:00:10]} 33. Bg3 {[%clk 0:00:12]}  Nb3 {[%clk 0:00:10]} 34. Rd1 {[%clk 0:00:12]}  Rxd1 {[%clk 0:00:09]} 35. Kxd1 {[%clk 0:00:13]}  Nc5 {[%clk 0:00:09]} 36. Nd2 {[%clk 0:00:12]}  Nxa4 {[%clk 0:00:09]} 37. Kc2 {[%clk 0:00:11]}  Nc5 {[%clk 0:00:09]} 38. Nb3 {[%clk 0:00:10]}  Ne4 {[%clk 0:00:08]} 39. Bh2 {[%clk 0:00:10]}  Kg6 {[%clk 0:00:09]} 40. Kd3 {[%clk 0:00:10]}  Nc5+ {[%clk 0:00:08]} 41. Nxc5 {[%clk 0:00:09]}  Bxc5 {[%clk 0:00:09]} 42. Kc4 {[%clk 0:00:10]}  Be7 {[%clk 0:00:10]} 43. b3 {[%clk 0:00:10]}  Kf5 {[%clk 0:00:09]} 44. Kd5 {[%clk 0:00:11]}  a5 {[%clk 0:00:08]} 45. Bg1 {[%clk 0:00:09]}  Kf4 {[%clk 0:00:07]} 46. Bb6 {[%clk 0:00:08]}  Kg3 {[%clk 0:00:06]} 47. Ke6 {[%clk 0:00:08]}  Bf8 {[%clk 0:00:06]} 48. Kf7 {[%clk 0:00:08]}  a4 {[%clk 0:00:03]} 49. Kxf8 {[%clk 0:00:06]}  axb3 {[%clk 0:00:00]} 50. Bd4 {[%clk 0:00:06]} 1-0

[Event "April 9 Early 2024"]
[Site "Chess.com"]
[Date "2024.04.09"]
[Round "4"]
[White "Rose, Felix"]
[Black "Sadykov, Ramil"]
[Result "0-1"]
[Board "148"]
[WhiteFideId "5105722"]
[BlackFideId "24113590"]
[WhiteTitle "CM"]
[BlackTitle "FM"]
[WhiteElo "2317"]
[BlackElo "2602"]
[WhiteTeam "MEX"]
[BlackTeam "FID"]
[WhiteClock "0:00:03"]
[BlackClock "0:00:40"]
[Variant "Standard"]

1. Nf3 {[%clk 0:03:00]}  d6 {[%clk 0:02:54]} 2. e4 {[%clk 0:02:58]}  Nf6 {[%clk 0:02:50]} 3. Nc3 {[%clk 0:02:53]}  g6 {[%clk 0:02:47]} 4. d4 {[%clk 0:02:53]}  Bg7 {[%clk 0:02:47]} 5. h3 {[%clk 0:02:51]}  O-O {[%clk 0:02:47]} 6. Be3 {[%clk 0:02:52]}  e5 {[%clk 0:02:41]} 7. dxe5 {[%clk 0:02:49]}  dxe5 {[%clk 0:02:41]} 8. Bc4 {[%clk 0:02:47]}  Qe7 {[%clk 0:02:33]} 9. O-O {[%clk 0:02:46]}  c6 {[%clk 0:02:16]} 10. a4 {[%clk 0:02:45]}  a5 {[%clk 0:02:03]} 11. Qb1 {[%clk 0:02:44]}  Na6 {[%clk 0:01:56]} 12. Qa2 {[%clk 0:02:38]}  Nb4 {[%clk 0:01:48]} 13. Qb3 {[%clk 0:02:38]}  Nd7 {[%clk 0:01:48]} 14. Ng5 {[%clk 0:01:54]}  h6 {[%clk 0:01:44]} 15. Nxf7 {[%clk 0:01:26]}  Rxf7 {[%clk 0:01:42]} 16. Rfd1 {[%clk 0:01:22]}  Nf8 {[%clk 0:01:34]} 17. Bxf7+ {[%clk 0:01:21]}  Qxf7 {[%clk 0:01:35]} 18. Qxf7+ {[%clk 0:01:12]}  Kxf7 {[%clk 0:01:36]} 19. Rd2 {[%clk 0:01:09]}  Ne6 {[%clk 0:01:27]} 20. Rad1 {[%clk 0:01:05]}  Nd4 {[%clk 0:01:19]} 21. Bxd4 {[%clk 0:00:53]}  exd4 {[%clk 0:01:20]} 22. Ne2 {[%clk 0:00:53]}  c5 {[%clk 0:01:20]} 23. c3 {[%clk 0:00:48]}  Nc6 {[%clk 0:01:09]} 24. f4 {[%clk 0:00:43]}  g5 {[%clk 0:01:06]} 25. e5 {[%clk 0:00:31]}  gxf4 {[%clk 0:01:02]} 26. cxd4 {[%clk 0:00:31]}  cxd4 {[%clk 0:00:59]} 27. Nxd4 {[%clk 0:00:30]}  Nxe5 {[%clk 0:00:50]} 28. Rf1 {[%clk 0:00:25]}  Ng6 {[%clk 0:00:47]} 29. Ne2 {[%clk 0:00:24]}  Be5 {[%clk 0:00:43]} 30. Rd8 {[%clk 0:00:17]}  Rb8 {[%clk 0:00:44]} 31. Rc1 {[%clk 0:00:16]}  Be6 {[%clk 0:00:40]} 32. Rxb8 {[%clk 0:00:12]}  Bxb8 {[%clk 0:00:41]} 33. Rc5 {[%clk 0:00:09]}  Ba7 {[%clk 0:00:41]} 34. b4 {[%clk 0:00:03]}  axb4 {[%clk 0:00:40]} 0-1

[Event "April 9 Early 2024"]
[Site "Chess.com"]
[Date "2024.04.09"]
[Round "4"]
[White "Jia, Haoxiang"]
[Black "Dubreuil, Julien"]
[Result "1-0"]
[Board "149"]
[WhiteFideId "8602999"]
[BlackFideId "621285"]
[WhiteTitle "IM"]
[BlackTitle "FM"]
[WhiteElo "2591"]
[BlackElo "2295"]
[WhiteTeam "CHN"]
[BlackTeam "FRA"]
[WhiteClock "0:01:30"]
[BlackClock "0:00:55"]
[Variant "Standard"]

1. e4 {[%clk 0:03:00]}  c5 {[%clk 0:02:58]} 2. Nc3 {[%clk 0:03:00]}  Nc6 {[%clk 0:02:58]} 3. g3 {[%clk 0:03:00]}  g6 {[%clk 0:02:58]} 4. Bg2 {[%clk 0:03:01]}  Bg7 {[%clk 0:02:58]} 5. d3 {[%clk 0:03:02]}  Rb8 {[%clk 0:02:58]} 6. Be3 {[%clk 0:03:00]}  d6 {[%clk 0:02:58]} 7. a4 {[%clk 0:02:58]}  a6 {[%clk 0:02:57]} 8. Qd2 {[%clk 0:02:58]}  b5 {[%clk 0:02:56]} 9. axb5 {[%clk 0:02:59]}  axb5 {[%clk 0:02:57]} 10. Nge2 {[%clk 0:02:59]}  Nd4 {[%clk 0:02:53]} 11. Bxd4 {[%clk 0:02:47]}  cxd4 {[%clk 0:02:53]} 12. Nd5 {[%clk 0:02:48]}  h5 {[%clk 0:02:40]} 13. Ra7 {[%clk 0:02:40]}  Bb7 {[%clk 0:02:36]} 14. Qb4 {[%clk 0:02:33]}  Bxd5 {[%clk 0:02:34]} 15. exd5 {[%clk 0:02:34]}  Qb6 {[%clk 0:02:29]} 16. Ra2 {[%clk 0:02:31]}  Nh6 {[%clk 0:02:18]} 17. O-O {[%clk 0:02:29]}  Nf5 {[%clk 0:02:19]} 18. Rfa1 {[%clk 0:02:30]}  O-O {[%clk 0:02:14]} 19. Ra6 {[%clk 0:02:30]}  Qc5 {[%clk 0:02:14]} 20. Qb3 {[%clk 0:02:26]}  Rfc8 {[%clk 0:02:12]} 21. Rc6 {[%clk 0:02:26]}  Rxc6 {[%clk 0:02:08]} 22. dxc6 {[%clk 0:02:26]}  e6 {[%clk 0:02:03]} 23. Qa3 {[%clk 0:02:10]}  Qxa3 {[%clk 0:01:29]} 24. Rxa3 {[%clk 0:02:09]}  d5 {[%clk 0:01:30]} 25. Ra7 {[%clk 0:02:04]}  Rc8 {[%clk 0:01:25]} 26. c7 {[%clk 0:02:04]}  Bf8 {[%clk 0:01:16]} 27. h3 {[%clk 0:02:01]}  Bc5 {[%clk 0:01:08]} 28. Rb7 {[%clk 0:01:53]}  b4 {[%clk 0:01:09]} 29. g4 {[%clk 0:01:48]}  hxg4 {[%clk 0:01:07]} 30. hxg4 {[%clk 0:01:49]}  Nd6 {[%clk 0:01:07]} 31. Rb8 {[%clk 0:01:49]}  Kg7 {[%clk 0:01:06]} 32. Rxc8 {[%clk 0:01:37]}  Nxc8 {[%clk 0:01:07]} 33. Kf1 {[%clk 0:01:34]}  e5 {[%clk 0:01:03]} 34. Bxd5 {[%clk 0:01:32]}  f5 {[%clk 0:00:55]} 35. Be6 {[%clk 0:01:30]} 1-0